| 000 | 00942nam a22002415i 4500 | ||
|---|---|---|---|
| 001 | 163461 | ||
| 003 | ES-MaACL | ||
| 005 | 20230906212738.0 | ||
| 008 | 990118s1897 sp |||| | spa d | ||
| 040 |
_aCCPB | B _bspa _cCCPB | B |
||
| 100 | 1 |
_aRibera, Julián ( _d1858-1934) _996779 |
|
| 245 | 1 | 0 |
_aOrígenes del Justicia de Aragón / _cpor Julián Ribera Tarragó ; con un prólogo de Francisco Codera. |
| 260 |
_aZaragoza : _b[s.n.], _c1897 ( _fTip. de Comas hermanos) |
||
| 300 |
_aXIX, 472 p. ; _c17 cm. |
||
| 490 | 1 |
_aColección de Estudios Árabes ; _v2 |
|
| 504 | _aIncluye referencias bibliográficas. | ||
| 597 | _aAntep. | ||
| 610 | 0 | 4 |
_aAragón. _bJusticia de Aragón- _vHistoria. _91411 |
| 700 | 0 |
_aCodera y Zaidín, Francisco. _939416 |
|
| 830 | 0 |
_aColección de Estudios Árabes ; _v2 _9188295 |
|
| 852 |
_aES-MaACL _jG-13743 _z-- Enc. hol. conservando la original _q-- Falto de las pag. 471-472 |
||
| 999 |
_c163461 _d163461 |
||